000 00467nam a2200181Ia 4500
001 8489
005 20260306160613.0
008 260306t2013||||xx |||||||||||||| ||spa||
041 _aESP
082 _a371.1
_bM27F
100 _aGarcía, Mirta
_eAUT
245 0 _aEnseñanza de las ciencias naturales:
_bpropuestas de enseñanza y aprendizaje
260 _c2013
300 _a282 páginas :
_c22 cm.
650 _aGEN
654 _aCED
942 _cLIB
_dJUS
_fJUS
_2ddc
_n
999 _c8489
_d8489